• 首页
  • 本馆介绍
  • 公告通知
  • 最新文献
  • 馆藏检索
  • 电子资源
  • 读者导购
  • 参考咨询
  • 我的图书馆
  • 登录
  • 详细信息显示
  • 放入我的书架
  • 预约/预借图书
  • 作者相关作品
  • 分类相关作品
  • 丛书相关作品
  • 出版社相关作品

书目信息

  • 表格格式
  • 工作单格式
  • 卡片格式
题名:
腔体内电磁环境--确定性及统计理论
    
 
作者: 贺天鹏 主编
分册:  
出版信息: 北京   国防工业出版社  2016
页数: 214页
开本: 24cm
丛书名:
单 册:
中图分类: V275 , X21
科图分类:
主题词: 无人驾驶飞机--直升机--系统设计 , 环境 , 环境系统
电子资源:
ISBN: 978-7-118-10919-1
000 01307nam0 2200289 450
001 368
005 20180922091334.04
010    @a978-7-118-10919-1@dCNY88.00
100    @a20170328d2016 em y0chiy50 ea
101 0  @achi
102    @aCN@b110000
105    @aa z 000yy
200 1  @a腔体内电磁环境--确定性及统计理论@Aqiang ti nei dian ci huan jing--que ding xing ji tong ji li lun@9wu ren zhi sheng ji xi tong she ji@f贺天鹏主编
210    @a北京@c国防工业出版社@d2016
215    @a214页@c图,照片@d24cm
312    @a封面英文题名:Unmanned helicopter system design
314    @a贺天鹏 (1980-),汉族,四川成都人,从事无人直升机系统的总体设计与协调、系统架构设计、直升机结构的动力学分析与设计、以及型号研制的试验试飞等工作。
330    @a本书涉及无人直升机系统在研究与开发过程中的一些设计与选型考虑,包括无人直升机系统的定义、系统的总体设计、无人直升机平台设计、无人直升机飞控导航与地面站系统的设计、无人直升机数据链路与任务载荷的设计与选型考虑,并介绍了无人直升机系统的发展趋势与市场前景。
510 1  @aUnmanned helicopter system design@zeng
606 0  @a无人驾驶飞机@x直升机@x系统设计
606 0  @a环境
606 0  @a环境系统
690    @aV275@v5
690    @aX21@v4
701  0 @a贺天鹏@9he tian peng@f(1980-)@4主编@4编著
801  0 @aCN@b91MARC@c20170328
905    @aMuseLib@dX21@e217
    
    腔体内电磁环境--确定性及统计理论/贺天鹏主编.-北京:国防工业出版社,2016
    214页:图,照片;24cm
    
    
    ISBN 978-7-118-10919-1:CNY88.00
    本书涉及无人直升机系统在研究与开发过程中的一些设计与选型考虑,包括无人直升机系统的定义、系统的总体设计、无人直升机平台设计、无人直升机飞控导航与地面站系统的设计、无人直升机数据链路与任务载荷的设计与选型考虑,并介绍了无人直升机系统的发展趋势与市场前景。
●
相关链接 在E读中查询图书 在五车中查询图书 在当当中查询图书 在豆瓣中查询图书


正题名:腔体内电磁环境--确定性及统计理论     索取号:X21/217         预约/预借

序号 登录号 条形码 馆藏地/架位号 状态 备注
1 1119549   211195491   第二样本阅览室/ [索取号:X21/217] 在馆    
2 1119550   211195507   第三借阅区/ [索取号:X21/217] 在馆    
3 1119551   211195516   第三借阅区/ [索取号:X21/217] 在馆    
4 1119552   211195525   第三借阅区/ [索取号:X21/217] 在馆    
5 1119553   211195534   第三借阅区/ [索取号:X21/217] 在馆    
唐山师范学院图书馆 欢迎您!
大连网信软件有限公司© 版权所有